|
|
|
|
| LEADER |
00892nam a22002777a 4500 |
| 003 |
OSt |
| 020 |
|
|
|a 9789339213053
|
| 020 |
|
|
|a 933921305 X
|
| 082 |
|
|
|a 658.15
|b KHA/FI
|
| 100 |
|
|
|a Khan, M Y
|
| 245 |
|
|
|a Financial management:
|b text, problems and cases
|
| 250 |
|
|
|a 7
|
| 260 |
|
|
|a New Delhi
|b Mcgraw hill education (India) pvt Ltd
|c 2014
|
| 300 |
|
|
|a xxi, 36.45p
|
| 546 |
|
|
|a English
|
| 650 |
|
|
|a Financial management
|
| 650 |
|
|
|a Time value of money
|
| 650 |
|
|
|a Risk and return
|
| 650 |
|
|
|a Working capital management
|
| 650 |
|
|
|a Long term finance
|
| 650 |
|
|
|a International finance
|
| 650 |
|
|
|a Valuation and corporate restructuring
|
| 700 |
|
|
|a Jain, P K
|
| 942 |
|
|
|2 ddc
|c BK
|
| 999 |
|
|
|c 156989
|d 156989
|
| 952 |
|
|
|0 0
|1 0
|2 ddc
|4 0
|6 658_150000000000000_KHAFI
|7 0
|8 Gen
|9 156341
|a KAUCLV
|b KAUCLV
|c GENERAL
|d 2017-07-25
|g 715.00
|o 658.15 KHA/FI
|p 227141
|r 2017-07-25
|w 2017-07-25
|y BK
|